01278naa#a2200217#i#4500001001600000005001700016011001400033100004100047102000700088200034800095210020500443215001000648608004500658675003500703700005200738700006200790700005800852700006000910700006000970856003001030RU\\bibl\12339820260705230707.7##a1994-4683##a20230731b2023####ek#y0rusy0150####ca##aRU1#aВЛИЯНИЕ МЕЖКОНЕЧНОСТНОЙ ФУНКЦИОНАЛЬНОЙ АСИММЕТРИИ МЫШЦ НОГ НА МОТОРНУЮ ПРОИЗВОДИТЕЛЬНОСТЬ ЦИКЛИЧЕСКИХ И АЦИКЛИЧЕСКИХ ЛОКОМОЦИЙ У БИАТЛОНИСТОВ ВЫСОКОЙ КВАЛИФИКАЦИИeЖурнальная статья1#aМоскваcНациональный государственный Университет физической культуры, спорта и здоровья им. П.Ф. Лесгафтаd2023##a8 с.##aЖурнальная статья2local##aБиатлон. 796.92.093.642#1aКрючковgАндрей Сергеевич#1aРостовцевgВладимир Леонидович#1aМякинченкоgПавел Евгеньевич#1aМякинченкоgЕвгений Борисович#1aФендельgТатьяна Владимировна4#auchzapiski.lesgaft.spb.ru